Phụ nữ Việt Nam.
সংরক্ষণ করুন:
| বিন্যাস: | সাময়িক পত্র |
|---|---|
| প্রকাশিত: |
Hà Nội :
Cơ quan Trung ương của Hội Liên hiệp phụ nữ Việt Nam.
|
| বিষয়গুলি: | |
| ট্যাগগুলো: |
ট্যাগ যুক্ত করুন
কোনো ট্যাগ নেই, প্রথমজন হিসাবে ট্যাগ করুন!
|
| Thư viện lưu trữ: | Mạng thư viện Đại học Đà Nẵng |
|---|
| LEADER | 00767cas a2200289 a 4500 | ||
|---|---|---|---|
| 001 | 000042144 | ||
| 003 | 17 | ||
| 005 | 20130828093757.0 | ||
| 008 | 110817b vm 000 | ||
| 040 | |a IRC |c IRC |d IRC | ||
| 041 | 0 | |a vie. | |
| 082 | 1 | 4 | |a 305.405 |b Ph-N |
| 245 | 0 | 0 | |a Phụ nữ Việt Nam. |
| 260 | |a Hà Nội : |b Cơ quan Trung ương của Hội Liên hiệp phụ nữ Việt Nam. | ||
| 300 | |c 29 x 42 cm. | ||
| 321 | |a Phát hành thứ 2, 5, 6. | ||
| 630 | 0 | 4 | |a Phụ nữ. |
| 650 | 0 | 4 | |a Phụ nữ |z Việt Nam |v Ấn phẩm định kỳ. |
| OWN | |a DUT | ||
| 999 | |a From the UDN01 | ||
| TYP | |a Printed language | ||
| 980 | |a Mạng thư viện Đại học Đà Nẵng | ||